000 00898nam0a2200253 4500
001 RU\NLR\BIBL_A\022466493
005 20250806203436.0
035 _a(NLR Aleph) 022466493
090 _a82900
_c82900
100 _a20250221d1941 m y0rusy50 ca
101 0 _aaze
102 _aAZ
105 _ay z 000 y
181 0 _ai
_baxxe
182 0 _an
200 1 _aҺеjван физиологиjасы программасы
_fС. М. Киров адына Азәрбаjҹан Дѳвләт Университети
203 _aТекст
_bвизуальный
_cнепосредственный
210 _aБаки
_cАзәрбаjҹан ХМК нәшри
_d1941
215 _a23 с.
_d14
541 1 _aПрграмма по физиологии животных
_zrus
942 _cBOOK
945 _aРоссийская национальная библиотека
980 _aBV